| 000 | 01236nam0a2200313 4500 | ||
|---|---|---|---|
| 001 | RU\NLR\bibl\1034768 | ||
| 005 | 20250615001858.0 | ||
| 010 |
_a5-353-02534-2 _97000 |
||
| 021 |
_aRU _b2006-78701 _93992 |
||
| 035 | _a(NLR Aleph) 001022209 | ||
| 090 |
_a705726 _c705726 |
||
| 100 | _a20070123d2006 |||y0rusy50 ca | ||
| 101 | 1 |
_arus _cfre |
|
| 102 | _aRU | ||
| 105 | _aa ||||||||| | ||
| 200 | 1 |
_aМашенька _eзабавные истории на каждый день _e[для дошкольного возраста _fтекст Алины Петини _gпер. с фр. Татьяны Лапшиной _gил. Нанси Дельфо] |
|
| 210 |
_aМосква _cРосмэн _d2006 |
||
| 215 |
_a112, [3] с. _cцв. ил. _d29 |
||
| 225 | 1 | _aМашенька | |
| 300 | _aАвт. указан на обороте тит. л. | ||
| 300 | _aВ вып. дан загл.: Забавные истории на каждый день | ||
| 517 | 1 | _aЗабавные истории на каждый день | |
| 700 | 1 |
_aПетини _bА. _gАлина _4070 |
|
| 702 | 1 |
_aДельфо _bН. _gНанси _4440 |
|
| 801 | 0 |
_aRU _bNLR _c20070123 _gRCR |
|
| 801 | 1 |
_aRU _bNLR _c20070123 |
|
| 942 | _cBOOK | ||
| 980 | _aNB | ||